| 000 | 00711nam a2200265Ia 4500 | ||
|---|---|---|---|
| 001 | Para_8989 | ||
| 003 | CHAP | ||
| 008 | 220125s2004 xx 000 0 und d | ||
| 010 | _a207767 | ||
| 040 | _cCHAP | ||
| 082 | _aPA 646.7 M4 | ||
| 100 |
_aMendoza Zaragoza, Eduardo _9174264 |
||
| 245 |
_aCuando se expresa el alma / _c por Eduardo Mendoza Zaragoza |
||
| 260 |
_aMéxico, D.F. : _b Selector |
||
| 300 | _a136 p. | ||
| 650 |
_aMotivación (psicología) _979090 |
||
| 650 |
_aSuperación personal _9143097 |
||
| 901 | _aPA 646.7 M4 | ||
| 902 | _aA | ||
| 905 | _a0000002004 x 0000000000 00 | ||
| 910 | _a2004 | ||
| 942 | _cPARA | ||
| 942 |
_cPARA _d1 |
||
| 999 |
_c207767 _d207767 |
||